[Event "7th European Individual Senior Champion."]
[Site "Hockenheim, Germany"]
[Date "2007.06.05"]
[Round "4.10"]
[White "Uhlmann, Wolfgang"]
[Black "Rosen, Willy"]
[Result "1-0"]
[WhiteElo "2419"]
[BlackElo "2279"]
[PlyCount "79"]
[EventDate "2007.??.??"]

1. c4 e5 2. Nc3 Nf6 3. Nf3 Nc6 4. g3 d5 5. cxd5 Nxd5 6. Bg2 Nb6 7. a3 Be7 8. b4
Be6 9. Rb1 f6 10. d3 a5 11. b5 Nd4 12. O-O O-O 13. a4 Bb4 14. Bd2 c5 15. bxc6
Nxc6 16. Nb5 Qd7 17. Rc1 Rfd8 18. Be3 Nd5 19. Bc5 b6 20. Bxb4 Ndxb4 21. Nd2
Rab8 22. Ne4 Bd5 23. Nec3 Bxg2 24. Kxg2 Qf7 25. Qd2 h5 26. Ne4 Rd7 27. Qc3 Nd4
28. Nxd4 Rxd4 29. Qc7 Rb7 30. Qc8+ Kh7 31. Qf5+ Qg6 32. Qf3 Rbd7 33. Nc3 h4 34.
Nb5 R4d5 35. Rc4 hxg3 36. hxg3 f5 37. Rc8 Qg5 38. Rb8 Rc5 39. Rh1+ Kg6 40. Rxb6+ 1-0

[Event "7th European Individual Senior Champion."]
[Site "Hockenheim, Germany"]
[Date "2007.06.05"]
[Round "4.11"]
[White "Butnorius, Algimantas"]
[Black "Erenska-Barlo, Hanna"]
[Result "1-0"]
[WhiteElo "2402"]
[BlackElo "2246"]
[PlyCount "63"]
[EventDate "2007.??.??"]

1. d4 f5 2. Nf3 Nf6 3. g3 g6 4. b3 Bg7 5. Bb2 Ne4 6. Bg2 O-O 7. O-O c5 8. c4
Nc6 9. e3 e6 10. Nc3 d5 11. Na4 Re8 12. dxc5 dxc4 13. Bxg7 Kxg7 14. Qc2 cxb3
15. axb3 Qf6 16. Rfd1 Rb8 17. Nd4 Nxd4 18. exd4 Ng5 19. Nc3 a6 20. d5 e5 21. b4
e4 22. b5 axb5 23. Nxb5 Nf7 24. Ra7 Rd8 25. Nc7 Kh6 26. Rb1 Qe5 27. Qc1+ g5 28.
Rb6+ Kh5 29. d6 Qd4 30. Na6 bxa6 31. Rxb8 Nxd6 32. Rxh7+ Kg6 33. cxd6 Kxh7 34.
Qc7+ Rd7 35. Qxc8 Qxd6 36. Qh8+ Kg6 37. Rg8+ 1-0

[Event "7th European Individual Senior Champion."]
[Site "Hockenheim, Germany"]
[Date "2007.06.05"]
[Round "4.12"]
[White "Donchenko, Anatoly G"]
[Black "Khroulkov, German"]
[Result "1-0"]
[WhiteElo "2374"]
[BlackElo "2215"]
[PlyCount "83"]
[EventDate "2007.??.??"]

1. Nf3 d5 2. d4 Nf6 3. c4 e6 4. g3 dxc4 5. Bg2 Bb4+ 6. Bd2 Bxd2+ 7. Nbxd2 Qe7
8. Nxc4 Qb4+ 9. Nfd2 O-O 10. O-O Rd8 11. e3 Nbd7 12. Qc2 c6 13. Rfd1 Qe7 14.
Nf3 Nb6 15. Nce5 Ne8 16. a3 f6 17. Nd3 Nd5 18. b4 Nd6 19. Qb2 Bd7 20. Nc5 Be8
21. e4 Nb6 22. Rac1 Nbc4 23. Qb3 b5 24. a4 a6 25. a5 Nb7 26. Nxb7 Qxb7 27. e5
fxe5 28. Nxe5 Nxe5 29. dxe5 Qe7 30. h4 Rd5 31. Bxd5 exd5 32. Rxd5 Bf7 33. Rxc6
Bxd5 34. Qxd5+ Qf7 35. e6 Qe8 36. e7+ Qf7 37. Qd8+ Qe8 38. Qxe8+ Rxe8 39. Rxa6
Rxe7 40. Rb6 Re5 41. Kg2 Kf7 42. a6 1-0

[Event "7th European Individual Senior Champion."]
[Site "Hockenheim, Germany"]
[Date "2007.06.05"]
[Round "4.13"]
[White "Stull, Norbert"]
[Black "Kremenietsky, Anatoly M"]
[Result "1-0"]
[WhiteElo "2144"]
[BlackElo "2353"]
[PlyCount "71"]
[EventDate "2007.??.??"]

1. d4 d6 2. e4 Nf6 3. Nc3 g6 4. Be3 Bg7 5. Qd2 Nbd7 6. O-O-O e5 7. h3 O-O 8.
Nf3 Qe7 9. Bg5 c6 10. dxe5 dxe5 11. Qd6 Qxd6 12. Rxd6 Re8 13. Bc4 b5 14. Bb3 b4
15. Na4 Nxe4 16. Rxc6 h6 17. Be3 Ndf6 18. Rd1 Bd7 19. Rc7 Bxa4 20. Bxa4 Rec8
21. Rxc8+ Rxc8 22. Bb3 Nc5 23. Nxe5 Nxb3+ 24. axb3 a5 25. Nc4 Ra8 26. Kb1 Bf8
27. Bb6 a4 28. bxa4 Rxa4 29. Rd8 Kg7 30. Bd4 Ra6 31. Nb6 Be7 32. Rd7 Kf8 33.
Rb7 Bd8 34. Rb8 Ke7 35. Bxf6+ Kxf6 36. Nd5+ 1-0

[Event "7th European Individual Senior Champion."]
[Site "Hockenheim, Germany"]
[Date "2007.06.05"]
[Round "4.15"]
[White "Hohler, Peter"]
[Black "Chernikov, Oleg L"]
[Result "1/2-1/2"]
[WhiteElo "2183"]
[BlackElo "2405"]
[PlyCount "36"]
[EventDate "2007.??.??"]

1. b3 Nf6 2. Bb2 g6 3. e4 d6 4. g3 Bg7 5. Bg2 O-O 6. Ne2 e5 7. O-O Nc6 8. d4
Bg4 9. f3 Bc8 10. Na3 Nd7 11. Nc4 b5 12. Ne3 Nb6 13. f4 exd4 14. Nxd4 Bb7 15.
e5 Nxd4 16. Bxb7 Rb8 17. Bxd4 Rxb7 18. exd6 Qxd6 1/2-1/2

[Event "7th European Individual Senior Champion."]
[Site "Hockenheim, Germany"]
[Date "2007.06.05"]
[Round "4.16"]
[White "Arkhangelsky, Boris"]
[Black "Fischer, Gerd"]
[Result "1/2-1/2"]
[WhiteElo "2355"]
[BlackElo "2175"]
[PlyCount "42"]
[EventDate "2007.??.??"]

1. c4 e5 2. Nc3 Nf6 3. Nf3 Nc6 4. g3 d5 5. cxd5 Nxd5 6. Bg2 Be6 7. O-O Be7 8.
d4 Nxc3 9. bxc3 exd4 10. Nxd4 Nxd4 11. cxd4 c6 12. Bb2 O-O 13. Qc2 Qd7 14. Rfd1
Rac8 15. a4 f5 16. a5 a6 17. Ba3 Rfd8 18. Bxe7 Qxe7 19. e3 Qf7 20. Re1 Rc7 21.
Ra3 Re7 {Notation unleserlich!  Remis nach dem 25. Zug} 1/2-1/2

[Event "7th European Individual Senior Champion."]
[Site "Hockenheim, Germany"]
[Date "2007.06.05"]
[Round "4.17"]
[White "Feller, Joseph"]
[Black "Ljubarskij, Jurij"]
[Result "0-1"]
[WhiteElo "2174"]
[BlackElo "2301"]
[PlyCount "134"]
[EventDate "2007.??.??"]

1. e4 e5 2. Nf3 Nc6 3. Nc3 Nf6 4. d4 exd4 5. Nd5 Nb4 6. Bc4 Nbxd5 7. exd5 Qe7+
8. Qe2 Qxe2+ 9. Kxe2 c5 10. dxc6 dxc6 11. Nxd4 Bc5 12. c3 O-O 13. h3 Bxd4 14.
cxd4 Be6 15. Bxe6 Rfe8 16. Be3 Rxe6 17. a3 Nd5 18. Rhe1 Rae8 19. Kd2 Re4 20. g3
f5 21. Kd3 Kf7 22. Bd2 h6 23. f3 Rxe1 24. Rxe1 Rxe1 25. Bxe1 Ke6 26. Bd2 Nb6
27. Bf4 Kd5 28. Be5 g6 29. Bg7 h5 30. b3 Nd7 31. Ke3 a5 32. Kf4 Ke6 33. Ke3 b5
34. Kd3 Kd5 35. Bh6 c5 36. dxc5 Nxc5+ 37. Kc3 Nd7 38. Kd3 Ne5+ 39. Ke3 a4 40.
bxa4 bxa4 41. Bf8 Nc4+ 42. Kf4 Ke6 43. Kg5 Kf7 44. Bb4 Nb6 45. Bc5 Nd5 46. Bd6
Nf6 47. Bc5 Ne8 48. Bb4 Nc7 49. Kh6 Ne6 50. g4 hxg4 51. hxg4 Nd4 52. gxf5 gxf5
53. Kg5 Ke6 54. Kf4 Nc6 55. Bf8 Ne5 56. Ke3 Kd5 57. f4 Ng6 58. Bb4 Kc4 59. Bd6
Nh8 60. Bb4 Nf7 61. Be7 Nh6 62. Bh4 Ng4+ 63. Kf3 Kd3 64. Be7 Ne3 65. Kg3 Ke4
66. Bb4 Nc2 67. Bd6 Nd4 0-1

[Event "7th European Individual Senior Champion."]
[Site "Hockenheim, Germany"]
[Date "2007.06.05"]
[Round "4.18"]
[White "Jicman, Ligia-Letitia"]
[Black "Neese, Hans-Joachim"]
[Result "0-1"]
[WhiteElo "2167"]
[BlackElo "2287"]
[PlyCount "94"]
[EventDate "2007.??.??"]

1. e4 c5 2. Nf3 d6 3. Bb5+ Nd7 4. c3 a6 5. Ba4 Ngf6 6. Qe2 b5 7. Bc2 Bb7 8. d3
g6 9. Nbd2 Bg7 10. Nf1 Qc7 11. Ng3 Rc8 12. O-O O-O 13. h3 e5 14. a4 b4 15. cxb4
cxb4 16. Bb3 Nc5 17. Bc4 d5 18. exd5 Nxd5 19. Bd2 Nf4 20. Qe3 a5 21. d4 Nce6
22. Rac1 exd4 23. Qb3 Qd6 24. Bxf4 Qxf4 25. Ne2 Qf6 26. Bxe6 Rxc1 27. Rxc1 Bxf3
28. Bc4 Bb7 29. Rd1 Qc6 30. f3 Qd6 31. Qd3 Rd8 32. b3 Be5 33. f4 Bf6 34. f5 Kg7
35. fxg6 fxg6 36. Rf1 Qe5 37. Nf4 Rd6 38. Qg3 Kh6 39. Re1 Qg5 40. Qf2 d3 41.
Qd2 Bc3 42. h4 Qc5+ 43. Qf2 Bd4 44. Nxd3 Bxf2+ 45. Nxf2 Rd2 46. Be2 Kg7 47. Kf1
Ba6 0-1

[Event "7th European Individual Senior Champion."]
[Site "Hockenheim, Germany"]
[Date "2007.06.05"]
[Round "4.19"]
[White "Mesiarik, Rudolf"]
[Black "Rosino, Antonio"]
[Result "0-1"]
[WhiteElo "2167"]
[BlackElo "2275"]
[PlyCount "85"]
[EventDate "2007.??.??"]

1. Nf3 Nf6 2. g3 g6 3. Bg2 Bg7 4. O-O d5 5. c4 c6 6. d3 O-O 7. Nbd2 Nbd7 8. Qc2
e5 9. cxd5 cxd5 10. e4 b6 11. Rd1 Bb7 12. Qb1 Re8 13. b3 dxe4 14. Nxe4 Qe7 15.
Bb2 Nd5 16. Re1 Rac8 17. a4 a5 18. Ba3 Nb4 19. Ra2 Nc5 20. Bxb4 axb4 21. Nxc5
Qxc5 22. Rae2 Bxf3 23. Bxf3 Red8 24. Re4 Qc3 25. Be2 f5 26. Rc4 Rxc4 27. dxc4
Rd2 28. c5 bxc5 29. Bc4+ Kf8 30. Rd1 Rc2 31. Qa1 Qf3 32. Rf1 e4 33. Qd1 Qxd1
34. Rxd1 Bd4 35. Rf1 Ra2 36. h4 Ke7 37. a5 Rxa5 38. Re1 Kf6 39. Kg2 h6 40. Re2
Ra1 41. Rc2 g5 42. hxg5+ hxg5 43. Kh3 {rest der partie unleserlich} 0-1

[Event "7th European Individual Senior Champion."]
[Site "Hockenheim, Germany"]
[Date "2007.06.05"]
[Round "4.20"]
[White "Schippan, Bernd"]
[Black "Minz, Michael"]
[Result "1-0"]
[WhiteElo "2266"]
[BlackElo "2159"]
[PlyCount "73"]
[EventDate "2007.??.??"]

1. e4 e6 2. d4 d5 3. e5 c5 4. c3 Bd7 5. Nf3 Nc6 6. a3 c4 7. Nbd2 b5 8. g3 Nge7
9. Bg2 a5 10. O-O Nf5 11. Re1 h5 12. h4 b4 13. Nf1 bxc3 14. bxc3 a4 15. Ne3
Nxe3 16. fxe3 Na5 17. e4 Bc6 18. Ng5 Nb3 19. Rf1 Ra7 20. Ra2 Qa5 21. Raf2 Qxc3
22. Nxf7 Rxf7 23. Rxf7 Nxc1 24. Rxf8+ Rxf8 25. Qxh5+ Kd7 26. Rxf8 Qxd4+ 27. Kh2
Kc7 28. Qg5 dxe4 29. Qxc1 Qc5 30. Rf7+ Kb6 31. Qb1+ Qb5 32. Bxe4 Bd5 33. Qxb5+
Kxb5 34. Bxd5 exd5 35. e6 Kc6 36. e7 Kd7 37. Rf5 1-0

[Event "7th European Individual Senior Champion."]
[Site "Hockenheim, Germany"]
[Date "2007.06.05"]
[Round "4.21"]
[White "Villing, Dieter"]
[Black "Ivanets, Vladimir"]
[Result "1-0"]
[WhiteElo "2160"]
[BlackElo "2261"]
[PlyCount "49"]
[EventDate "2007.??.??"]

1. e4 c5 2. f4 e5 3. Bc4 Nc6 4. Nf3 d6 5. O-O exf4 6. d3 Be7 7. Bxf4 Be6 8.
Bxe6 fxe6 9. Nc3 Nf6 10. Qd2 e5 11. Bg5 O-O 12. Bxf6 Bxf6 13. Nd5 Nd4 14. c3
Ne6 15. g3 Qd7 16. Qg2 Rae8 17. d4 Bd8 18. Qh3 Rf7 19. Nh4 Bxh4 20. Qxh4 Ref8
21. Qg4 g6 22. h4 Kh8 23. Ne3 Rxf1+ 24. Rxf1 Rxf1+ 25. Kxf1 {
rest der partie völlig unleserlich} 1-0

[Event "7th European Individual Senior Champion."]
[Site "Hockenheim, Germany"]
[Date "2007.06.05"]
[Round "4.22"]
[White "Bondick, Karl-Heinz"]
[Black "Sorensen, Bent"]
[Result "0-1"]
[WhiteElo "2158"]
[BlackElo "2258"]
[PlyCount "104"]
[EventDate "2007.??.??"]

1. d4 Nf6 2. f3 d5 3. e4 e6 4. Be3 b6 5. Nd2 Be7 6. Bb5+ c6 7. Bd3 Ba6 8. Ne2
O-O 9. e5 Nfd7 10. f4 Bxd3 11. cxd3 c5 12. O-O Nc6 13. Nf3 f6 14. Rc1 Qe8 15.
a3 Rc8 16. Qa4 Qg6 17. Qb5 c4 18. dxc4 Qd3 19. Rc3 Qxe2 20. Re1 a6 21. Qb3 Na5
22. Qa2 Qxe1+ 23. Nxe1 Nxc4 24. Bc1 fxe5 25. fxe5 Ncxe5 26. h3 Bh4 27. Rxc8
Rxc8 28. Bd2 Nc4 29. Bc3 Nf6 30. Nf3 Bg3 31. Kf1 Ne3+ 32. Ke2 Nxg2 33. Ng5 Nh4
34. Qb1 Bf4 35. Qg1 Rc6 36. Nf3 Nf5 37. Kd3 Ne4 38. Ne5 Bxe5 39. dxe5 Kf7 40.
Qf1 h6 41. Qf3 Kg6 42. h4 Kh7 43. h5 Rc4 44. Qg2 Neg3 45. Be1 Nxh5 46. Qf2 Nf4+
47. Kd2 Rd4+ 48. Kc3 Nd3 49. Qg1 Nxe1 50. Qxe1 h5 51. Qe2 Rc4+ 52. Kd2 Rc2+ 0-1

[Event "7th European Individual Senior Champion."]
[Site "Hockenheim, Germany"]
[Date "2007.06.05"]
[Round "4.23"]
[White "Kripp, Wolfgang"]
[Black "Karl, Hans"]
[Result "1/2-1/2"]
[WhiteElo "2146"]
[BlackElo "2251"]
[PlyCount "44"]
[EventDate "2007.??.??"]

1. e4 e5 2. Nf3 Nc6 3. Bc4 Bc5 4. c3 Qe7 5. O-O d6 6. d4 Bb6 7. a4 a6 8. h3 Nf6
9. Bg5 h6 10. Be3 Nxe4 11. Re1 Ng5 12. Nbd2 Nxf3+ 13. Nxf3 O-O 14. dxe5 Bxe3
15. Rxe3 dxe5 16. Qe2 Re8 17. Re1 Bd7 18. Nxe5 Nxe5 19. Rxe5 Qxe5 20. Qxe5 Rxe5
21. Rxe5 Kf8 22. a5 Bc6 1/2-1/2

[Event "7th European Individual Senior Champion."]
[Site "Hockenheim, Germany"]
[Date "2007.06.05"]
[Round "4.24"]
[White "Kock, Hans-Uwe"]
[Black "Bogorads, Mihails"]
[Result "1/2-1/2"]
[WhiteElo "2137"]
[BlackElo "2245"]
[PlyCount "49"]
[EventDate "2007.??.??"]

1. d4 c5 2. d5 Nf6 3. c4 g6 4. Nc3 Bg7 5. e4 d6 6. h3 O-O 7. Be3 Qa5 8. Bd3 e6
9. Nf3 exd5 10. exd5 b5 11. O-O bxc4 12. Bxc4 a6 13. Bf4 Qc7 14. Re1 Ra7 15.
Qd2 Rb7 16. a3 Qb6 17. Na4 Qd8 18. Bg5 Bd7 19. Nc3 Bb5 20. Ba2 Qb6 21. Rac1 Bd7
22. Nd1 Ba4 23. Nc3 Bd7 24. Nd1 Ba4 25. Nc3 1/2-1/2

[Event "7th European Individual Senior Champion."]
[Site "Hockenheim, Germany"]
[Date "2007.06.05"]
[Round "4.26"]
[White "Fedotov, Oleksandr"]
[Black "Ljuboschitz, Alexander"]
[Result "0-1"]
[WhiteElo "2100"]
[BlackElo "2234"]
[PlyCount "73"]
[EventDate "2007.??.??"]

1. f4 g6 2. Nf3 Bg7 3. e3 d6 4. d4 c5 5. c3 Nc6 6. Be2 Nf6 7. Na3 O-O 8. Qc2
cxd4 9. exd4 Bf5 10. Bd3 Bxd3 11. Qxd3 e5 12. dxe5 dxe5 13. Qxd8 Raxd8 14. fxe5
Rfe8 15. O-O Nxe5 16. Nd4 Ne4 17. Nac2 f5 18. a4 a6 19. Ra2 h5 20. Be3 Nc4 21.
Bf2 Bh6 22. Re1 Bd2 23. Rf1 Bg5 24. Nf3 Ncd2 25. Nxg5 Nxg5 26. Rc1 Nb3 27. Re1
Rxe1+ 28. Bxe1 Rd1 29. Kf1 Ne4 30. Ne3 Rb1 31. a5 Nc1 32. Ra4 Nd3 33. Nc2 Rc1
34. Rd4 Rxc2 35. Rxd3 Rxb2 36. Rd7 Nc5 37. Bf2 0-1

[Event "7th European Individual Senior Champion."]
[Site "Hockenheim, Germany"]
[Date "2007.06.05"]
[Round "4.27"]
[White "Fomina, Tatyana"]
[Black "Fahnenschmidt, Gerhard Dr"]
[Result "1-0"]
[WhiteElo "2231"]
[BlackElo "2134"]
[PlyCount "94"]
[EventDate "2007.??.??"]

1. e4 c5 2. Nf3 d6 3. c3 Nf6 4. Bc4 Nc6 5. Qe2 Bg4 6. h3 Bxf3 7. Qxf3 e6 8. O-O
Be7 9. Bb3 O-O 10. Rd1 b5 11. d4 cxd4 12. cxd4 d5 13. exd5 Nxd5 14. Bxd5 exd5
15. Nc3 Bf6 16. Be3 Ne7 17. g4 b4 18. Ne2 Ng6 19. Rac1 Bg5 20. Rc5 Bxe3 21.
fxe3 Re8 22. Ng3 Nh4 23. Qf2 Re6 24. Nh5 Qg5 25. Nf4 Rd6 26. Rf1 Re8 27. Nxd5
f5 28. Nf4 Qd8 29. gxf5 Qg5+ 30. Kh2 Re4 31. Rg1 Rxf4 32. exf4 Qf6 33. Rc8+ Rd8
34. Rxd8+ Qxd8 35. Rg5 h6 36. Rh5 g5 37. fxg6 Nxg6 38. Rxh6 Kg7 39. Rh5 Kf6 40.
d5 Kf7 41. Qxa7+ Ke8 42. Qg7 Qd6 43. Qg8+ Kd7 44. Rh7+ Ne7 45. Qe6+ Qxe6 46.
dxe6+ Kxe6 47. Rxe7+ Kxe7 1-0

[Event "7th European Individual Senior Champion."]
[Site "Hockenheim, Germany"]
[Date "2007.06.05"]
[Round "4.28"]
[White "Krieger, Hermann"]
[Black "Dydy, Kaplan"]
[Result "1-0"]
[WhiteElo "2223"]
[BlackElo "2127"]
[PlyCount "103"]
[EventDate "2007.??.??"]

1. e4 c5 2. Nf3 Nc6 3. d4 cxd4 4. Nxd4 Nf6 5. Nc3 d6 6. Bg5 Bd7 7. Qd2 e6 8.
Ndb5 Qb6 9. O-O-O O-O-O 10. Na4 Qa5 11. Qxa5 Nxa5 12. Nxa7+ Kb8 13. Nb5 Rc8 14.
f3 Nc4 15. Nac3 Rc5 16. Bxf6 gxf6 17. Bxc4 Rxc4 18. Nxd6 Rc7 19. Nxf7 Rg8 20.
g3 Bc6 21. Nd6 Be7 22. Rd3 Rd8 23. Rhd1 h5 24. Ndb5 Rxd3 25. Rxd3 Rc8 26. Nd4
Bd7 27. Nf5 exf5 28. Rxd7 Bc5 29. exf5 Re8 30. Ne4 Be3+ 31. Kd1 Re5 32. Ke2 Bc1
33. b3 Rxf5 34. Rxb7+ Ka8 35. Rf7 Ra5 36. a4 f5 37. Nd6 Re5+ 38. Kd1 Ba3 39.
Nc4 Rd5+ 40. Ke2 Bc5 41. a5 Kb8 42. c3 Bg1 43. a6 Rb5 44. b4 Bxh2 45. Kf2 h4
46. gxh4 Bf4 47. h5 Ka8 48. Rh7 Bb8 49. h6 Ba7+ 50. Kg2 f4 51. Rg7 Bd4 52. cxd4
1-0

[Event "7th European Individual Senior Champion."]
[Site "Hockenheim, Germany"]
[Date "2007.06.05"]
[Round "4.29"]
[White "Rahn, Oskar"]
[Black "Zhelesny, Stanislav"]
[Result "1/2-1/2"]
[WhiteElo "2122"]
[BlackElo "2222"]
[PlyCount "94"]
[EventDate "2007.??.??"]

1. e4 c6 2. d4 d5 3. exd5 cxd5 4. Nf3 Nf6 5. c3 g6 6. Ne5 Bg7 7. Bb5+ Nfd7 8.
Nd2 O-O 9. Ndf3 Nxe5 10. Nxe5 f6 11. Nf3 e5 12. dxe5 fxe5 13. Bg5 Qb6 14. Qxd5+
Be6 15. Qd3 e4 16. Qxe4 Bf7 17. Qe2 Nc6 18. Be3 Qc7 19. O-O Na5 20. Bd4 a6 21.
Bd3 Bd5 22. Bxg7 Kxg7 23. Qe5+ Qxe5 24. Nxe5 Nc6 25. Nxc6 Bxc6 26. Rfe1 Rf7 27.
f3 Rd8 28. Rad1 Rfd7 29. Bc2 Rd2 30. b4 g5 31. h3 h5 32. Bb3 g4 33. hxg4 hxg4
34. Re7+ Kf6 35. Rf7+ Kg6 36. Rxd2 Rxd2 37. Rf4 gxf3 38. gxf3 Kg5 39. Rg4+ Kf5
40. Rg2 Rxg2+ 41. Kxg2 Kf4 42. Kf2 Bxf3 43. c4 Bg4 44. Bc2 Be6 45. Bd3 Ke5 46.
Ke3 b5 47. cxb5 axb5 1/2-1/2

[Event "7th European Individual Senior Champion."]
[Site "Hockenheim, Germany"]
[Date "2007.06.05"]
[Round "4.30"]
[White "Skara, Milenko"]
[Black "Jadrijevic, Ante"]
[Result "0-1"]
[WhiteElo "2092"]
[BlackElo "2213"]
[PlyCount "54"]
[EventDate "2007.??.??"]

1. e4 e6 2. d4 d5 3. Nd2 b6 4. exd5 exd5 5. Ngf3 Nf6 6. Bd3 Bd6 7. O-O O-O 8.
Re1 c5 9. c3 Bg4 10. Be2 Nbd7 11. Nf1 Re8 12. Bg5 Qc7 13. Bh4 Re4 14. Bg3 Rae8
15. Ne3 Bxg3 16. hxg3 Rxe3 17. fxe3 Qxg3 18. dxc5 Ne4 19. Rf1 Bh3 20. Ne1 Qxe3+
21. Kh2 Qg3+ 22. Kg1 Qe3+ 23. Kh2 Ne5 24. Bf3 Nd2 25. Rg1 Re6 26. Kxh3 Rh6+ 27.
Kg3 Ne4# 0-1

[Event "7th European Individual Senior Champion."]
[Site "Hockenheim, Germany"]
[Date "2007.06.05"]
[Round "4.31"]
[White "Ziltener Werner"]
[Black "Estrada Martinez, Cesar"]
[Result "1/2-1/2"]
[WhiteElo "2075"]
[BlackElo "2208"]
[PlyCount "91"]
[EventDate "2007.??.??"]

1. d4 Nf6 2. Nf3 c5 3. g3 cxd4 4. Nxd4 Nc6 5. Bg2 d5 6. Nxc6 bxc6 7. c4 e6 8.
O-O Bd6 9. Nc3 O-O 10. cxd5 cxd5 11. e4 dxe4 12. Nxe4 Nxe4 13. Bxe4 Rb8 14. Qd3
f5 15. Bg2 Bb7 16. Rd1 Bxg2 17. Kxg2 Be5 18. Qe2 Qf6 19. Re1 Bxb2 20. Bxb2 Rxb2
21. Qxe6+ Qxe6 22. Rxe6 Rd8 23. Re7 Rdd2 24. Rc1 Rxf2+ 25. Kg1 Rg2+ 26. Kf1
Rbf2+ 27. Ke1 Rc2 28. Rxc2 Rxc2 29. Rxa7 Rxh2 30. Kf1 h5 31. a4 Kh7 32. a5 Ra2
33. a6 Kg6 34. Kg1 Kf6 35. Kf1 g6 36. Ra8 Kg5 37. a7 Kg4 38. Rg8 Rxa7 39. Rxg6+
Kf3 40. Kg1 h4 41. gxh4 Rh7 42. Ra6 f4 43. Ra3+ Kg4 44. Kg2 Rxh4 45. Ra8 f3+
46. Kg1 1/2-1/2

[Event "7th European Individual Senior Champion."]
[Site "Hockenheim, Germany"]
[Date "2007.06.05"]
[Round "4.32"]
[White "Van Den Berg, Ad"]
[Black "Taksrud, Vidar"]
[Result "1-0"]
[WhiteElo "2204"]
[BlackElo "2099"]
[PlyCount "66"]
[EventDate "2007.??.??"]

1. c4 e5 2. Nc3 Nf6 3. Nf3 Nc6 4. d4 e4 5. Nd2 Bb4 6. e3 O-O 7. Qc2 Re8 8. h3
d5 9. g4 dxc4 10. Bxc4 Be6 11. Be2 Nd5 12. Ndxe4 Qh4 13. a3 Nxd4 14. exd4 Nxc3
15. Nxc3 Bxc3+ 16. Qxc3 Bxg4 17. Be3 Bxe2 18. Kxe2 f5 19. Kf1 Qe4 20. Rg1 f4
21. d5 g6 22. Bd4 Qxd5 23. Rc1 Rad8 24. Bf6 Rd6 25. Rg5 Qh1+ 26. Rg1 Qe4 27.
Qb3+ Kf8 28. Bg5 Re5 29. Bh6+ Ke7 30. Rxc7+ Kd8 31. Rc3 Rd2 32. Qg8+ Ke7 33.
Rc7+ Kf6 1-0

[Event "7th European Individual Senior Champion."]
[Site "Hockenheim, Germany"]
[Date "2007.06.05"]
[Round "4.33"]
[White "Kuznetsova, Luba"]
[Black "Gabriel, Josef"]
[Result "1-0"]
[WhiteElo "2064"]
[BlackElo "2202"]
[PlyCount "109"]
[EventDate "2007.??.??"]

1. Nf3 f5 2. g3 Nf6 3. Bg2 g6 4. b4 d6 5. d4 Nbd7 6. Bb2 Nb6 7. O-O Nc4 8. Bc1
c6 9. Nbd2 Be6 10. b5 cxb5 11. Ng5 Bd5 12. Nxc4 bxc4 13. Bxd5 Nxd5 14. Ne6 Qd7
15. Nxf8 Rxf8 16. Bh6 Rf7 17. e3 Qe6 18. Qd2 b6 19. c3 Nf6 20. f3 Kd7 21. a4
Ng8 22. Bf4 h6 23. d5 Qf6 24. e4 fxe4 25. fxe4 Raf8 26. Qb2 e5 27. Qb5+ Kd8 28.
Be3 Qxf1+ 29. Rxf1 Rxf1+ 30. Kg2 Re1 31. Qc6 Re2+ 32. Kh3 Ke7 33. Qc7+ Kf6 34.
Qxd6+ Kg7 35. Qxe5+ Nf6 36. Bd4 g5 37. g4 Rf7 38. Qe6 Rd2 39. d6 Rxd4 40. cxd4
c3 41. e5 Ne4 42. Qc4 a6 43. d5 Nf2+ 44. Kg2 Nd1 45. Kg3 b5 46. axb5 axb5 47.
Qb3 Nf2 48. Qxb5 Ne4+ 49. Kg2 Rf2+ 50. Kg1 c2 51. Qd7+ Kg6 52. Qc8 h5 53. d7
Rd2 54. d8=Q hxg4 55. Qe8+ 1-0

[Event "7th European Individual Senior Champion."]
[Site "Hockenheim, Germany"]
[Date "2007.06.05"]
[Round "4.34"]
[White "Delander, Adolf"]
[Black "Fatalibekova, Elena"]
[Result "0-1"]
[WhiteElo "2075"]
[BlackElo "2273"]
[PlyCount "66"]
[EventDate "2007.??.??"]

1. d4 Nf6 2. Nf3 g6 3. Nbd2 d5 4. e3 Bg7 5. Be2 O-O 6. O-O c5 7. b3 b6 8. Bb2
Bb7 9. c4 Nbd7 10. cxd5 Nxd5 11. Rc1 Rc8 12. Nc4 cxd4 13. Bxd4 b5 14. Bxg7 Kxg7
15. Nce5 Nxe5 16. Nxe5 Nc3 17. Qc2 b4 18. Qb2 Qa5 19. Bf3 Ba6 20. Nc4 Bxc4 21.
bxc4 Rxc4 22. Rc2 Rfc8 23. h3 f6 24. Rd2 Qb6 25. Rd7 R4c7 26. Rxc7 Rxc7 27. Rc1
a5 28. Rc2 Na4 29. Qb3 Rxc2 30. Qxc2 Nc3 31. a3 Qc5 32. axb4 Qxb4 33. Bc6 a4
0-1

[Event "7th European Individual Senior Champion."]
[Site "Hockenheim, Germany"]
[Date "2007.06.05"]
[Round "4.35"]
[White "Funk, Paul"]
[Black "Dotan, Valeria"]
[Result "1/2-1/2"]
[WhiteElo "2197"]
[BlackElo "2075"]
[PlyCount "128"]
[EventDate "2007.??.??"]

1. d4 Nf6 2. Nf3 e6 3. g3 Be7 4. Bg2 O-O 5. O-O d5 6. c4 dxc4 7. Ne5 c5 8. e3
cxd4 9. exd4 Nd5 10. Nxc4 Nd7 11. Qb3 N7f6 12. Rd1 b6 13. Nbd2 Bb7 14. Nf3 Rc8
15. Nce5 Nb4 16. Ne1 Bd5 17. Bxd5 Qxd5 18. Qxd5 Nfxd5 19. Bd2 Nc2 20. Rac1 Nxd4
21. Kf1 f6 22. N5f3 Nc6 23. Bc3 Rfd8 24. Ke2 Kf7 25. h4 h5 26. Nd3 e5 27. Nd2
Nxc3+ 28. bxc3 Na5 29. f4 exf4 30. Nxf4 Ba3 31. Rc2 Re8+ 32. Kf3 Rcd8 33. Rg1
Bc5 34. Rf1 Re3+ 35. Kg2 Bd6 36. Nxh5 Rc8 37. Rf3 Re2+ 38. Kf1 Rce8 39. Rd3
Re1+ 40. Kf2 Bc5+ 41. Kf3 R8e2 42. Nf4 Rf2+ 43. Kg4 Re7 44. Rc1 Be3 45. Rd1
Bxf4 46. gxf4 Kg6 47. Rf3 Rg2+ 48. Kh3 Ree2 49. f5+ Kh5 50. Nf1 Kh6 51. Rd8 Kh7
52. Rd7 Nc6 53. Rg3 Rxg3+ 54. Nxg3 Re3 55. Kg2 Kg8 56. Nh5 Ne7 57. Ng3 Kf8 58.
Rxa7 Rxc3 59. Rb7 Rc2+ 60. Kf3 Rxa2 61. Rxb6 Ra4 62. h5 Ra1 63. Rb8+ Kf7 64.
Rb7 Kf8 1/2-1/2

[Event "7th European Individual Senior Champion."]
[Site "Hockenheim, Germany"]
[Date "2007.06.05"]
[Round "4.36"]
[White "Achenbach, Manfred"]
[Black "Pracht, Hans-Dieter"]
[Result "1-0"]
[WhiteElo "2187"]
[BlackElo "2056"]
[PlyCount "167"]
[EventDate "2007.??.??"]

1. e4 e6 2. d4 d5 3. Nc3 Nf6 4. e5 Nfd7 5. Nf3 c5 6. dxc5 Nc6 7. Bf4 Bxc5 8.
Bd3 a6 9. O-O Be7 10. Re1 Nc5 11. Bf1 b5 12. a3 Bb7 13. b4 Nd7 14. Bd3 Nb6 15.
Ne2 Nc4 16. Ng3 Nb2 17. Qd2 Nxd3 18. Qxd3 h5 19. Ne2 Rc8 20. Bd2 Qc7 21. Bc3
Nd8 22. Nd2 Bg5 23. Nb3 Be7 24. Qg3 Kf8 25. Bd4 Nc6 26. c3 Rb8 27. Nf4 Bc8 28.
Qf3 Kg8 29. h3 g6 30. Qg3 Kg7 31. Rad1 Qd8 32. Nc5 Qg8 33. Qf3 Qd8 34. Rd3 Bg5
35. Qg3 Be7 36. Qf3 Bg5 37. Qe3 Be7 38. Qe2 Bg5 39. Rf3 Ne7 40. Nfd3 Nf5 41. g3
Ra8 42. Nf4 Be7 43. Ng2 Bg5 44. Rd3 Be7 45. Ne3 Qg8 46. Ng2 Qd8 47. Rdd1 Bg5
48. Ne3 Qg8 49. Kh1 Qh7 50. Nxf5+ gxf5 51. h4 Be7 52. Nd3 Kf8 53. Nf4 Qh6 54.
Qe3 Bd7 55. Kh2 Qh7 56. Bc5 Rc8 57. Bxe7+ Kxe7 58. Nh3 Qh6 59. Ng5 Qf8 60. Qa7
Rc6 61. Rd3 Rc8 62. Qe3 Rc4 63. Nf3 Qg8 64. Rd4 Rc6 65. Qd2 Qg6 66. Ng1 Rhc8
67. Ne2 Rh8 68. Nf4 Qh6 69. Rd1 Qh7 70. Nd3 Qh6 71. Nf4 Qh7 72. Qe3 Rhc8 73.
R1d3 Rh8 74. Qf3 Rc7 75. Qd1 Bc6 76. Rd2 Qh6 77. Qf3 Qh7 78. Kg1 Qh6 79. Qe3
Qf8 80. R4d3 Bd7 81. Rxd5 exd5 82. Nxd5+ Kd8 83. Qb6 Rh6 84. Qxc7+ 1-0

[Event "7th European Individual Senior Champion."]
[Site "Hockenheim, Germany"]
[Date "2007.06.05"]
[Round "4.37"]
[White "Ophoff, Rigobert"]
[Black "Striebich, Rudolf"]
[Result "1/2-1/2"]
[WhiteElo "2062"]
[BlackElo "2187"]
[PlyCount "30"]
[EventDate "2007.??.??"]

1. d4 Nf6 2. Nf3 g6 3. c4 Bg7 4. Nc3 O-O 5. e4 d6 6. g3 c5 7. Bg2 cxd4 8. Nxd4
a6 9. O-O Qc7 10. Nd5 Nxd5 11. cxd5 Nd7 12. Be3 Nf6 13. h3 Bd7 14. Qd2 Rfc8 15.
Rac1 Qd8 1/2-1/2